Eastern Utah Libraries Catalog: Duchesne, Heber, Roosevelt, & Vernal

Flying machines : (Record no. 365644)

MARC details
000 -LEADER
fixed length control field 02818cam a2200553Mi 4500
001 - CONTROL NUMBER
control field ocn999660957
003 - CONTROL NUMBER IDENTIFIER
control field OCoLC
005 - DATE AND TIME OF LATEST TRANSACTION
control field 20220809162703.0
008 - FIXED-LENGTH DATA ELEMENTS--GENERAL INFORMATION
fixed length control field 170224s2017 nyua j 6 000 0 eng d
010 ## - LIBRARY OF CONGRESS CONTROL NUMBER
LC control number 2016945553
040 ## - CATALOGING SOURCE
Original cataloging agency KYC
Language of cataloging eng
Description conventions rda
Transcribing agency KYC
Modifying agency OCLCF
-- GRC
-- OCLCO
-- OCLCQ
-- OCLCO
-- QQ3
-- OCLCQ
-- OCLCO
-- OCL
-- OCLCO
-- UINTA
015 ## - NATIONAL BIBLIOGRAPHY NUMBER
National bibliography number GBB733749
Source bnb
020 ## - INTERNATIONAL STANDARD BOOK NUMBER
International Standard Book Number 9781626721395
020 ## - INTERNATIONAL STANDARD BOOK NUMBER
International Standard Book Number 1626721394
020 ## - INTERNATIONAL STANDARD BOOK NUMBER
International Standard Book Number 9781626721401
020 ## - INTERNATIONAL STANDARD BOOK NUMBER
International Standard Book Number 1626721408
035 ## - SYSTEM CONTROL NUMBER
System control number (OCoLC)999660957
050 04 - LIBRARY OF CONGRESS CALL NUMBER
Classification number NC
082 04 - DEWEY DECIMAL CLASSIFICATION NUMBER
Classification number 629.130092
Edition number 23
082 04 - DEWEY DECIMAL CLASSIFICATION NUMBER
Classification number J629.13 WILG
049 ## - LOCAL HOLDINGS (OCLC)
Holding library UCLB
100 1# - MAIN ENTRY--PERSONAL NAME
Personal name Wilgus, Alison,
Relator term author.
9 (RLIN) 6428655
245 10 - TITLE STATEMENT
Title Flying machines :
Remainder of title how the Wright Brothers soared /
Statement of responsibility, etc Alison Wilgus and Molly Brooks.
264 #1 - Production, Publication, Distribution, Manufacture, and Copyright Notice.
Place of production, publication, distribution, manufacture New York, New York :
Name of producer, publisher, distributor, manufacturer First Second,
Date of production, publication, distribution, manufacture, or copyr 2017.
300 ## - PHYSICAL DESCRIPTION
Extent 128 pages :
Other physical details chiefly illustrations (colour) ;
Dimensions 22 cm
336 ## - Content Type
Content type term text
336 ## - Content Type
Content type term still image
337 ## - Media type
Media type term unmediated
338 ## - Carrier type
Carrier type term volume
505 0# - FORMATTED CONTENTS NOTE
Formatted contents note Orville Wright -- Wilbur Wright.
520 ## - SUMMARY, ETC.
Summary, etc Follow the famous aviators from their bicycle shop in Dayton, Ohio, to the fields of North Carolina where they were to make their famous flights. In an era of dirigibles and hot air balloons, the Wright Brothers were among the first innovators of heavier than air flight. But in the hotly competitive international race toward flight, Orville and Wilbur were up against a lot more than bad weather. Mechanical failures, lack of information, and even other aviators complicated the Wright Brothers? journey. Though they weren?t as wealthy as their European counterparts, their impressive achievements demanded attention on the international stage. Thanks to their carefully recorded experiments and a healthy dash of bravery, the Wright Brothers? flying machines took off.
521 8# - TARGET AUDIENCE NOTE
Target audience note GN850L
Source Lexile.
600 10 - SUBJECT ADDED ENTRY--PERSONAL NAME
Personal name Wright, Wilbur,
Dates associated with a name 1867-1912
Form subdivision Comic books, strips, etc.
9 (RLIN) 6428657
600 10 - SUBJECT ADDED ENTRY--PERSONAL NAME
Personal name Wright, Orville,
Dates associated with a name 1871-1948
Form subdivision Comic books, strips, etc.
9 (RLIN) 6428656
650 #0 - SUBJECT ADDED ENTRY--TOPICAL TERM
Topical term or geographic name as entry element Aeronautics
Form subdivision Comic books, strips, etc.
9 (RLIN) 6453108
650 #1 - SUBJECT ADDED ENTRY--TOPICAL TERM
Topical term or geographic name as entry element Aeronautics
Form subdivision Cartoons and comics.
9 (RLIN) 6453109
650 #1 - SUBJECT ADDED ENTRY--TOPICAL TERM
Topical term or geographic name as entry element Cartoons and comics.
650 #6 - SUBJECT ADDED ENTRY--TOPICAL TERM
Topical term or geographic name as entry element A�eronautique
Form subdivision Bandes dessin�ees.
9 (RLIN) 6453110
600 17 - SUBJECT ADDED ENTRY--PERSONAL NAME
Personal name Wright, Orville,
Dates associated with a name 1871-1948.
Source of heading or term fast
-- (OCoLC)fst00039096
600 17 - SUBJECT ADDED ENTRY--PERSONAL NAME
Personal name Wright, Wilbur,
Dates associated with a name 1867-1912.
Source of heading or term fast
-- (OCoLC)fst00039097
650 #7 - SUBJECT ADDED ENTRY--TOPICAL TERM
Topical term or geographic name as entry element Aeronautics.
Source of heading or term fast
-- (OCoLC)fst00798293
655 #4 - INDEX TERM--GENRE/FORM
Genre/form data or focus term Comics (Graphic works)
9 (RLIN) 5689343
655 #7 - INDEX TERM--GENRE/FORM
Genre/form data or focus term Comics (Graphic works)
Source of term fast
-- (OCoLC)fst01921613
9 (RLIN) 5689343
655 #7 - INDEX TERM--GENRE/FORM
Genre/form data or focus term Graphic novels.
Source of term fast
-- (OCoLC)fst01726630
655 #7 - INDEX TERM--GENRE/FORM
Genre/form data or focus term Graphic novels.
Source of term lcgft
700 1# - ADDED ENTRY--PERSONAL NAME
Personal name Brooks, Molly,
Relator term artist.
9 (RLIN) 6453111
830 #0 - SERIES ADDED ENTRY--UNIFORM TITLE
Uniform title Science comics.
9 (RLIN) 6453112
994 ## -
-- C0
-- UINTA
Holdings
Withdrawn status Lost status Source of classification or shelving scheme Damaged status Not for loan Collection code Home library Current library Shelving location Date acquired Source of acquisition Total Checkouts Full call number Barcode Date last seen Date checked out Cost, replacement price Price effective from Koha item type
    Dewey Decimal Classification     Junior NonFiction Graphic Novels Wasatch County Library Wasatch County Library First Floor 03/11/2025 Amazon 2 J GN 629.13 Wilgus 34301002148890 03/07/2026 06/03/2025 13.99 03/11/2025 BOOK
This project was made possible through a grant from the Institute of Museum and Library Service administered by the Utah State Library Division.

Wasatch County Library

  • 465 East 1200 South, Heber City, Utah 84032
  • Phone 435-654-1511 | Fax 435-654-6456

Hours

  • Monday - Friday 9:30 AM - 8:00 PM
  • Saturday 9:30 AM - 1:30 PM
  • Closed Sundays and Holidays